[Event "FRA-ch Youth U20 2018"]
[Site "Agen"]
[Date "2018.04.18"]
[Round "5"]
[White "Grezels, Florian"]
[Black "Duquesne, Adrien"]
[Result "0-1"]
[WhiteElo "2181"]
[BlackElo "2209"]
[Annotator "NA"]
[PlyCount "135"]
[EventDate "2018.??.??"]
[EventType "swiss"]
[EventCountry "FRA"]
[SourceTitle "playchess.com"]
[Source "ChessBase"]
[SourceQuality "1"]
[TimeControl "5400+30"]

1. e4 {[%emt 0:00:00]} c5 {[%emt 0:06:30]} 2. Nf3 {[%emt 0:00:00]} d6 {[%emt 0:00:12]} 3. d4 {[%emt 0:00:00]} cxd4 {[%emt 0:00:06]} 4. Nxd4 {[%emt 0:00:00]} Nf6 {[%emt 0:00:06]} 5. Nc3 {[%emt 0:00:00]} a6 {[%emt 0:00:07]} 6. Be3 {[%emt 0:00:07]} e6 {[%emt 0:00:11]} 7. f3 {[%emt 0:00:29]} b5 {[%emt 0:00:07]} 8. Qd2 {[%emt 0:00:18]} Nbd7 {[%emt 0:00:10]} 9. g4 {[%emt 0:00:19]} h6 {[%emt 0:00:08]} 10. O-O-O {[%emt 0:01:00]} b4 {[%emt 0:00:07] B80: Sicilian Scheveningen: 6 g3 and 6 Be3, including English Attack} 11. Na4 {[%emt 0:09:20]} Ne5 {[%emt 0:00:24] LiveBook: 150 Games} 12. Qxb4 {[%emt 0:15:00]} (12. Kb1 Bd7 13. b3 Bxa4 14. bxa4 Qc7 15. Be2 Be7 16. h4 Nc4 17. Bxc4 Qxc4 18. Qd3 {1-0 (49) Caruana,F (2802)-Hou,Y (2652) chess.com INT 2017}) 12... Bd7 $1 {[%emt 0:03:15]} 13. Nb6 {[%emt 0:15:59]} ({White should try} 13. Nc3 $11) 13... Rb8 {[%emt 0:46:57]} 14. Nb3 {[%emt 0:13:46]} Nc6 {[%emt 0:05:16]} 15. Qc4 {[%emt 0:04:51]} Rxb6 {[%emt 0:01:11]} 16. Bxb6 {[%emt 0:02:40]} Qxb6 {[%emt 0:00:08]} 17. Qxa6 {[%emt 0:01:23] [#]} Qc7 $146 {[%emt 0:07:22]} 18. Bb5 {[%emt 0:05:09]} Nb8 {[%emt 0:00:44]} 19. Bxd7+ {[%emt 0:03:11]} Nfxd7 {[%emt 0:02:02]} 20. Qa5 {[%emt 0:05:15]} Qc4 $14 {[%emt 0:07:44]} ({Black should play} 20... Qb7 $11) 21. Rd3 {[%emt 0:04:18]} Qa6 {[%emt 0:10:50]} 22. Rc3 {[%emt 0:03:24]} Be7 {[%emt 0:00:24]} 23. Qxa6 {[%emt 0:01:18]} Nxa6 {[%emt 0:00:06]} 24. Rc8+ {[%emt 0:03:11]} Bd8 {[%emt 0:00:06]} 25. Rc6 {[%emt 0:03:33]} Nab8 {[%emt 0:01:41]} 26. Rxd6 {[%emt 0:00:54]} h5 {[%emt 0:00:17]} 27. a4 {[%emt 0:04:08]} hxg4 {[%emt 0:00:31]} 28. fxg4 {[%emt 0:00:02]} Ke7 {[%emt 0:00:18]} 29. Rdd1 {[%emt 0:01:36]} Nc6 {[%emt 0:00:12]} 30. Nd4 {[%emt 0:00:52]} Nde5 {[%emt 0:02:15]} 31. Nxc6+ {[%emt 0:00:27]} Nxc6 {[%emt 0:00:04]} 32. h3 {[%emt 0:01:10]} Bc7 {[%emt 0:00:33]} 33. c3 {[%emt 0:00:55]} Be5 {[%emt 0:01:24]} 34. Kc2 {[%emt 0:00:55]} Rc8 {[%emt 0:02:42]} 35. Rhe1 {[%emt 0:00:43]} Nd4+ {[%emt 0:00:27]} 36. Kb1 {[%emt 0:00:45]} Nb3 {[%emt 0:00:40]} 37. Kc2 {[%emt 0:00:09]} Na5 {[%emt 0:01:34]} 38. Re3 {[%emt 0:00:55]} g5 {[%emt 0:00:24]} 39. b4 {[%emt 0:00:40]} Nc4 {[%emt 0:00:58]} 40. Red3 {[%emt 0:00:16]} Nd6 {[%emt 0:00:07]} 41. Re1 {[%emt 0:00:37]} Rc4 {[%emt 0:00:37]} 42. Kb3 {[%emt 0:00:33]} Rc8 {[%emt 0:00:43]} 43. a5 {[%emt 0:00:35]} Kd7 {[%emt 0:01:10]} 44. c4 {[%emt 0:00:29]} Kc7 {[%emt 0:00:14]} 45. Red1 {[%emt 0:00:39]} Nxe4 {[%emt 0:00:55]} 46. Rd7+ {[%emt 0:00:26]} Kb8 {[%emt 0:00:48]} 47. a6 {[%emt 0:00:31]} Rc7 {[%emt 0:00:39]} 48. Rxc7 {[%emt 0:00:22]} Bxc7 {[%emt 0:00:07]} 49. b5 {[%emt 0:00:40]} Bb6 {[%emt 0:00:25]} 50. Kb4 {[%emt 0:00:20]} f5 {[%emt 0:00:11]} 51. gxf5 {[%emt 0:00:16]} exf5 {[%emt 0:00:04]} 52. Rd7 {[%emt 0:00:44]} Be3 {[%emt 0:01:32]} 53. Rf7 {[%emt 0:00:44]} f4 {[%emt 0:00:36]} 54. b6 {[%emt 0:00:33]} Bxb6 {[%emt 0:00:38]} 55. Rb7+ {[%emt 0:00:19]} Ka8 {[%emt 0:00:05]} 56. Rxb6 {[%emt 0:00:28]} f3 {[%emt 0:00:04]} 57. Rb7 {[%emt 0:00:36]} Nd6 {[%emt 0:00:06]} 58. Rd7 {[%emt 0:00:30]} f2 {[%emt 0:00:47]} 59. Rd8+ {[%emt 0:00:21]} Ka7 {[%emt 0:00:06]} 60. Rf8 {[%emt 0:00:06]} Ne4 {[%emt 0:00:06]} 61. Ka5 {[%emt 0:00:38]} Nd2 {[%emt 0:00:40]} 62. Rf7+ {[%emt 0:00:31]} Ka8 {[%emt 0:00:06]} 63. Rxf2 {[%emt 0:00:11]} Nxc4+ {[%emt 0:00:06]} 64. Kb5 {[%emt 0:00:20]} Nd6+ {[%emt 0:00:02]} 65. Kc6 {[%emt 0:00:19]} Nc4 {[%emt 0:00:58]} 66. Rg2 {[%emt 0:00:56]} Ne5+ {[%emt 0:00:06]} 67. Kd5 {[%emt 0:00:24]} Nf7 {[%emt 0:00:36]} 68. Ke6 {[%emt 0:00:25]} 0-1

[Event "FRA-ch Youth U20 2018"]
[Site "Agen"]
[Date "2018.04.18"]
[Round "5"]
[White "Grimault, Nathan"]
[Black "Barseghyan, Harutyun"]
[Result "0-1"]
[WhiteElo "2016"]
[BlackElo "2464"]
[Annotator "TA"]
[PlyCount "82"]
[EventDate "2018.??.??"]
[EventType "swiss"]
[EventCountry "FRA"]
[SourceTitle "playchess.com"]
[Source "ChessBase"]
[SourceQuality "1"]

{[%evp 14,82,33,20,23,1,1,10,58,-21,18,0,0,0,0,0,0,-41,24,0,0,0,0,0,8,-31,-23,-22,-28,-27,-25,-26,-24,-62,-56,-58,-70,-64,-66,-64,-63,-74,-68,-73,-54,-77,-70,-108,-120,-154,-134,-660,-383,-375,-377,-420,-413,-387,-406,-387,-387,-482,-503,-723,-696,-747,-729,-687,-679,-697,-701]} 1. d4 d5 2. Nf3 Nf6 3. c4 dxc4 4. e3 a6 5. Bxc4 e6 6. O-O Nbd7 {D26: Queen's Gambit Accepted: 4 e3 e6 5 Bxc5 c5 sidelines} (6... c5 7. dxc5 Bxc5 8. Qxd8+ Kxd8 9. Ne5 Ke7 10. Be2 Nbd7 11. Nc4 b6 12. Nbd2 a5 13. Nb3 Ba6 14. Nxc5 bxc5 15. f3 Rhb8 16. Kf2 a4 {½-½ (27) Van Wely,L (2663)-Ponomariov,R (2687) Germany 2018}) 7. Qe2 c5 8. Rd1 {LiveBook: 8 Games} Qc7 {The position is equal.} 9. b3 $146 ({Predecessor:} 9. e4 b5 10. Bd3 cxd4 11. e5 Nd5 12. a4 b4 {0-1 (34) Mueller,L (2197)-Sher,M (2419) Lenzerheide 2010}) 9... cxd4 10. exd4 Nb6 11. Na3 (11. Bg5 $14) 11... Be7 12. Bb2 O-O 13. Rac1 Qd8 14. Ne5 Nbd5 15. Qf3 Bd7 (15... b5 $15 16. Nc6 Qd6) 16. Bd3 b5 17. Nc2 Rc8 18. Ne3 Bd6 19. Qh3 {[#] Strongly threatening Nxd5.} Rxc1 20. Bxc1 {Hoping for Nxd5.} Nf4 21. Qf3 Nxd3 22. Rxd3 Bc8 {[%cal Bd7c8,Bc8b7,Bb7d5][%mdl 32]} 23. Rd1 Qc7 24. Bb2 Bb7 25. Qe2 Rc8 26. h3 Nd5 27. Nxd5 Bxd5 28. Nd3 Qe7 29. Qd2 Qh4 30. Rc1 Rxc1+ 31. Qxc1 Qe4 $40 {[%csl Gd5][%cal Re4g2][%mdl 128] [#] Black is out for blood.} 32. Qc8+ $2 (32. Ne1 $17 {is a better defense.}) 32... Bf8 $19 {[%csl Gd5][%cal Re4g2]} 33. Nf4 Bb7 (33... Qxf4 $2 34. Ba3 $17) 34. Qb8 Qb1+ 35. Kh2 {Threatens to win with Ba3.} Qxb2 36. Qxb7 Qxf2 37. Qb8 {If White can now play d5 this consolidates a bit.} Qxd4 {Black is clearly winning.} 38. Ne2 Qd2 39. Ng3 Qd6 40. Qa8 h5 {And now ...h4 would win.} 41. Qe4 Qb8 {Precision: White = 40%, Black = 64%.} 0-1

[Event "FRA-ch Youth U20 2018"]
[Site "Agen"]
[Date "2018.04.18"]
[Round "5"]
[White "Aubert, Laurane"]
[Black "Leriche, Ines"]
[Result "0-1"]
[WhiteElo "1952"]
[BlackElo "1913"]
[Annotator "NA"]
[PlyCount "102"]
[EventDate "2018.??.??"]
[EventType "swiss"]
[EventCountry "FRA"]
[SourceTitle "playchess.com"]
[Source "ChessBase"]
[SourceQuality "1"]
[TimeControl "5400+30"]

1. e4 {[%emt 0:00:00]} d5 {[%emt 0:00:12]} 2. exd5 {[%emt 0:00:00]} Qxd5 {[%emt 0:00:07]} 3. Nc3 {[%emt 0:00:00]} Qd6 {[%emt 0:00:09]} 4. Bc4 {[%emt 0:00:00]} Nf6 {[%emt 0:00:45]} 5. d4 {[%emt 0:00:10]} a6 {[%emt 0:02:10]} 6. Nf3 {[%emt 0:00:13]} b5 {[%emt 0:00:29]} 7. Bb3 {[%emt 0:00:05]} Bb7 {[%emt 0:00:22]} 8. O-O {[%emt 0:02:42]} Nbd7 {[%emt 0:02:25] [#]} 9. Ng5 $1 {[%emt 0:07:06]} e6 {[%emt 0:29:57] [#]} 10. Re1 $18 {[%emt 0:03:34]} b4 {[%emt 0:13:39]} 11. Nxf7 {[%emt 0:30:36]} Kxf7 {[%emt 0:01:12]} 12. Rxe6 {[%emt 0:00:16]} Qxe6 {[%emt 0:01:09]} 13. Bxe6+ {[%emt 0:00:06]} Kxe6 {[%emt 0:00:51]} 14. Qe2+ {[%emt 0:05:27]} Kf7 {[%emt 0:01:52]} 15. Qc4+ {[%emt 0:00:36]} Ke8 {[%emt 0:01:14]} 16. Na4 {[%emt 0:10:00]} Bd6 {[%emt 0:16:39]} 17. Bg5 {[%emt 0:04:57]} Bd5 {[%emt 0:02:12]} 18. Qd3 {[%emt 0:03:45]} Kf7 {[%emt 0:03:28]} 19. c4 {[%emt 0:03:54]} Be4 {[%emt 0:06:16]} 20. Qb3 {[%emt 0:05:57]} c5 {[%emt 0:03:04]} 21. d5 {[%emt 0:03:29]} Rhe8 {[%emt 0:01:36]} 22. Qh3 {[%emt 0:05:06]} Bg6 {[%emt 0:03:41]} 23. Be3 {[%emt 0:04:42]} Re4 {[%emt 0:01:09]} 24. b3 {[%emt 0:00:54]} Rae8 {[%emt 0:00:54]} 25. Rf1 {[%emt 0:02:27]} Bh5 {[%emt 0:03:16]} 26. g3 {[%emt 0:01:59]} Be2 {[%emt 0:01:29]} 27. Rc1 {[%emt 0:00:58]} Bg4 {[%emt 0:00:45]} 28. Qg2 {[%emt 0:00:49]} Ne5 {[%emt 0:01:07]} 29. h3 {[%emt 0:00:59]} Bf3 {[%emt 0:01:11]} 30. Qf1 {[%emt 0:00:33]} Ned7 {[%emt 0:00:53]} 31. Nb2 {[%emt 0:00:53]} Nh5 {[%emt 0:01:01]} 32. Re1 {[%emt 0:02:57]} Kg8 {[%emt 0:00:22]} 33. Bd2 {[%emt 0:00:44]} Be2 {[%emt 0:00:43]} 34. Qg2 {[%emt 0:00:18]} R4e7 {[%emt 0:00:39]} 35. Kh2 {[%emt 0:00:45]} Nhf6 {[%emt 0:00:26]} 36. Be3 {[%emt 0:00:26]} Bh5 {[%emt 0:00:16]} 37. Nd3 {[%emt 0:00:26]} Bg6 {[%emt 0:00:39]} 38. Nc1 {[%emt 0:00:30]} Ne5 {[%emt 0:00:38]} 39. Rd1 {[%emt 0:00:30]} Be4 {[%emt 0:00:24]} 40. Qf1 {[%emt 0:00:21]} h5 {[%emt 0:00:34]} 41. h4 {[%emt 0:00:31]} Nfg4+ {[%emt 0:00:31]} 42. Kh3 {[%emt 0:00:15]} Bf5 {[%emt 0:00:29]} 43. Kg2 {[%emt 0:00:18]} Be4+ {[%emt 0:00:32]} 44. Kh3 {[%emt 0:00:04]} Bf3 {[%emt 0:00:29]} 45. Rd2 {[%emt 0:00:27]} Be4 {[%emt 0:00:30]} 46. Bf4 {[%emt 0:00:27]} Nf3 {[%emt 0:00:27]} 47. Bxd6 {[%emt 0:01:37]} Nxd2 {[%emt 0:00:21]} 48. Qe2 {[%emt 0:00:20]} Bg2+ {[%emt 0:00:21]} 49. Kxg2 {[%emt 0:00:09]} Rxe2 {[%emt 0:00:07]} 50. Nxe2 {[%emt 0:00:13]} Rxe2 {[%emt 0:00:02]} 51. Bxc5 {[%emt 0:00:15]} Kf7 {[%emt 0:01:16]} 0-1

[Event "FRA-ch Youth U20 2018"]
[Site "Agen"]
[Date "2018.04.18"]
[Round "5"]
[White "Retailleau, Elise"]
[Black "Fretel, Liza"]
[Result "0-1"]
[WhiteElo "1932"]
[BlackElo "1849"]
[Annotator "NA"]
[PlyCount "66"]
[EventDate "2018.??.??"]
[EventType "swiss"]
[EventCountry "FRA"]
[SourceTitle "playchess.com"]
[Source "ChessBase"]
[SourceQuality "1"]
[TimeControl "5400+30"]

1. e4 {[%emt 0:00:00]} c5 {[%emt 0:00:06]} 2. Nf3 {[%emt 0:00:11]} Nc6 {[%emt 0:00:16]} 3. d4 {[%emt 0:00:34]} cxd4 {[%emt 0:00:05]} 4. Nxd4 {[%emt 0:00:13]} Nf6 {[%emt 0:00:10]} 5. Nc3 {[%emt 0:00:33]} e5 {[%emt 0:00:29]} 6. Ndb5 {[%emt 0:00:57]} d6 {[%emt 0:00:07]} 7. Bg5 {[%emt 0:00:53]} a6 {[%emt 0:00:40]} 8. Na3 {[%emt 0:00:21]} b5 {[%emt 0:00:08]} 9. Nd5 {[%emt 0:00:23]} (9. Bxf6 $5 gxf6 10. Nd5 $11) 9... Be7 {[%emt 0:00:29]} 10. Bxf6 {[%emt 0:04:05]} Bxf6 {[%emt 0:00:15]} 11. c4 {[%emt 0:03:30]} b4 {[%emt 0:01:17] LiveBook: 1306 Games B33: Sicilian: Pelikan and Sveshnikov Variations} 12. Qa4 {[%emt 0:11:12]} (12. Nc2 O-O 13. g3 Bg5 14. Bg2 a5 15. O-O Ne7 16. Nce3 Bxe3 17. Nxe3 Be6 18. Rc1 Nc6 19. Nf5 {1-0 (54) Harikrishna,P (2744)-Yu,Y (2751) Huaian 2017}) 12... O-O {[%emt 0:14:54]} ({Black should try} 12... Bd7 $15 13. Nb1 (13. Nc2 $2 Nd4 $19) 13... Bg5) 13. Nxb4 {[%emt 0:03:33]} Nxb4 $146 {[%emt 0:02:16]} ({Predecessor:} 13... Nd4 14. Nac2 Qb6 15. Rb1 Bh4 16. Nxd4 Bxf2+ 17. Kd2 Qxd4+ 18. Bd3 Bh4 19. Rhf1 {0-1 (46) Faltan,P (2110)-Sekera,B (1845) Slovakia 1998}) 14. Qxb4 {[%emt 0:00:57]} Rb8 {[%emt 0:02:40]} 15. Qc3 {[%emt 0:02:23]} Qb6 {[%emt 0:06:06]} 16. b3 Bh4 {[%emt 0:01:46]} 17. g3 {[%emt 0:03:12]} Be7 {[%emt 0:01:29]} 18. Bg2 {[%emt 0:02:09]} d5 {[%emt 0:00:32]} 19. Nc2 {[%emt 0:05:07]} d4 {[%emt 0:06:55]} 20. Qd2 $11 {[%emt 0:06:30]} f5 {[%emt 0:02:08]} 21. exf5 {[%emt 0:13:23]} Bxf5 {[%emt 0:04:54]} 22. O-O {[%emt 0:01:29]} Qg6 {[%emt 0:02:56]} 23. Ne1 {[%emt 0:05:07]} Bb4 {[%emt 0:01:28]} 24. Qe2 {[%emt 0:02:18]} e4 {[%emt 0:03:30]} 25. Bh1 {[%emt 0:10:07]} Rbd8 {[%emt 0:12:34]} 26. Ng2 {[%emt 0:01:39]} Bg4 {[%emt 0:02:40]} 27. Nh4 {[%emt 0:06:52]} Bxe2 {[%emt 0:02:09]} 28. Nxg6 {[%emt 0:00:13]} hxg6 {[%emt 0:00:16]} 29. Rfc1 {[%emt 0:00:48]} Bc3 {[%emt 0:00:30]} 30. Rxc3 {[%emt 0:00:32]} dxc3 {[%emt 0:00:05]} 31. Bxe4 {[%emt 0:00:04]} Bf3 {[%emt 0:00:58]} 32. Bxg6 {[%emt 0:00:32]} Rf6 {[%emt 0:00:24]} 33. Bc2 {[%emt 0:00:06]} Rd2 {[%emt 0:00:28]} 0-1

[Event "FRA-ch Youth U20 2018"]
[Site "Agen"]
[Date "2018.04.18"]
[Round "5"]
[White "Aouachria, Marwa"]
[Black "Haussernot, Cecile"]
[Result "0-1"]
[WhiteElo "1687"]
[BlackElo "2165"]
[Annotator "NA"]
[PlyCount "78"]
[EventDate "2018.??.??"]
[EventType "swiss"]
[EventCountry "FRA"]
[SourceTitle "playchess.com"]
[Source "ChessBase"]
[SourceQuality "1"]
[TimeControl "5400+30"]

1. e4 {[%emt 0:00:00]} c5 {[%emt 0:00:03]} 2. Nf3 {[%emt 0:00:00]} d6 {[%emt 0:00:04]} 3. d4 {[%emt 0:00:00]} cxd4 {[%emt 0:00:03]} 4. Nxd4 {[%emt 0:00:00]} Nf6 {[%emt 0:00:04]} 5. Nc3 {[%emt 0:00:00]} a6 {[%emt 0:00:02]} 6. Be2 {[%emt 0:00:06]} e5 {[%emt 0:00:04]} 7. Nb3 {[%emt 0:00:04]} Be7 {[%emt 0:00:03]} 8. O-O {[%emt 0:00:07]} O-O {[%emt 0:00:03]} 9. Be3 {[%emt 0:00:18] LiveBook: 1274 Games} Bd7 {[%emt 0:00:22] B92: Sicilian Najdorf: 6 Be2} (9... Be6 10. a4 Nbd7 11. Qd2 Rc8 12. a5 Re8 13. Bf3 h6 14. Nc1 Nh7 15. g3 Bg5 16. Nd3 Nb8 17. Bxg5 Qxg5 18. Qxg5 hxg5 19. Rfd1 Nc6 20. Ne2 g4 {0-1 (39) Zherebukh,Y (2633)-Xiong,J (2640) Saint Louis 2018}) 10. f4 {[%emt 0:00:57]} Bc6 {[%emt 0:01:07]} 11. Bf3 {[%emt 0:02:03]} Nbd7 {[%emt 0:00:05]} 12. Qe1 $146 {[%emt 0:11:38]} ({Predecessor:} 12. Nd5 Bxd5 13. exd5 Rc8 14. Qd2 Nb6 15. fxe5 Nc4 16. Qc1 dxe5 17. Bg5 {0-1 (35) Hiller,B (1875)-Koenig,P (1982) Berlin Pankow 2005}) 12... b5 {[%emt 0:01:52]} 13. Rd1 {[%emt 0:02:06]} Qc7 {[%emt 0:11:29]} 14. a3 {[%emt 0:19:07]} a5 {[%emt 0:01:55]} 15. Qg3 {[%emt 0:05:53]} b4 {[%emt 0:01:43]} 16. axb4 {[%emt 0:00:24]} axb4 {[%emt 0:00:05]} 17. fxe5 {[%emt 0:02:47]} Nxe5 {[%emt 0:01:19]} 18. Nd5 {[%emt 0:00:59]} Bxd5 {[%emt 0:00:50]} 19. exd5 {[%emt 0:00:02]} Qxc2 {[%emt 0:00:40]} 20. Nd4 {[%emt 0:01:09]} Qg6 {[%emt 0:01:18]} 21. Bf4 {[%emt 0:02:31]} Nxf3+ {[%emt 0:06:39]} 22. Qxf3 {[%emt 0:02:01]} Rfe8 {[%emt 0:00:38]} 23. Nc6 {[%emt 0:08:08]} Bf8 {[%emt 0:01:41]} 24. Nxb4 {[%emt 0:05:38]} Re4 {[%emt 0:04:28]} 25. Bd2 {[%emt 0:09:03]} Rb8 {[%emt 0:04:58]} 26. Bc3 {[%emt 0:10:23]} Rbxb4 {[%emt 0:01:57]} 27. Bxb4 {[%emt 0:00:01]} Rxb4 {[%emt 0:00:08]} 28. Qa3 {[%emt 0:00:58]} Rg4 {[%emt 0:00:18]} 29. Rf2 $19 {[%emt 0:00:57]} Ne4 {[%emt 0:01:47]} 30. Re2 {[%emt 0:01:19]} Qh5 {[%emt 0:00:38]} 31. Qd3 {[%emt 0:01:35]} Ng5 {[%emt 0:00:22]} 32. Re3 {[%emt 0:03:14]} g6 {[%emt 0:03:48]} 33. Rc1 {[%emt 0:02:28]} f5 {[%emt 0:01:58]} 34. h3 {[%emt 0:01:27]} Rb4 {[%emt 0:04:00]} 35. Qa3 {[%emt 0:01:18]} Rb8 {[%emt 0:00:27]} 36. Rce1 {[%emt 0:05:12]} f4 {[%emt 0:03:22]} 37. Re8 {[%emt 0:00:06]} Rxe8 {[%emt 0:00:06]} 38. Rxe8 {[%emt 0:00:08]} f3 {[%emt 0:00:07]} 39. Qxd6 {[%emt 0:02:09]} f2+ {[%emt 0:00:16]} 0-1

[Event "FRA-ch Youth U20 2018"]
[Site "Agen"]
[Date "2018.04.18"]
[Round "5"]
[White "Guigue, Marie-Celine"]
[Black "Bartels, Karina"]
[Result "1/2-1/2"]
[WhiteElo "1288"]
[BlackElo "1702"]
[Annotator "NA"]
[PlyCount "105"]
[EventDate "2018.??.??"]
[EventType "swiss"]
[EventCountry "FRA"]
[SourceTitle "playchess.com"]
[Source "ChessBase"]
[SourceQuality "1"]
[TimeControl "5400+30"]

1. e4 {[%emt 0:00:00]} e6 {[%emt 0:00:13]} 2. d4 {[%emt 0:00:00]} a6 {[%emt 0:00:04]} 3. Nf3 {[%emt 0:00:02]} b5 {[%emt 0:00:09]} 4. Nc3 {[%emt 0:01:27]} Bb7 {[%emt 0:00:06]} 5. Bd3 {[%emt 0:03:17]} Nf6 {[%emt 0:02:33]} 6. e5 {[%emt 0:06:58]} Nd5 {[%emt 0:01:06]} 7. Ne4 {[%emt 0:01:17]} Nb4 {[%emt 0:06:27]} 8. O-O {[%emt 0:03:55]} Nxd3 {[%emt 0:02:46]} 9. Qxd3 {[%emt 0:00:25]} Be7 {[%emt 0:03:31]} 10. Re1 {[%emt 0:07:12]} h6 {[%emt 0:09:16]} 11. Qe3 {[%emt 0:20:12]} d6 {[%emt 0:03:25]} 12. Qf4 {[%emt 0:08:17]} Bxe4 {[%emt 0:18:38]} 13. Qxe4 {[%emt 0:00:43]} d5 {[%emt 0:03:24]} 14. Qg4 {[%emt 0:02:25]} Bf8 {[%emt 0:00:17]} 15. Bd2 {[%emt 0:08:49]} Nc6 {[%emt 0:05:07]} 16. a3 {[%emt 0:03:09]} Qd7 {[%emt 0:09:50]} 17. b4 {[%emt 0:01:52]} Ne7 {[%emt 0:00:29]} 18. c3 {[%emt 0:01:32]} Nf5 {[%emt 0:08:21]} 19. Nh4 {[%emt 0:01:44]} g6 {[%emt 0:05:15]} 20. Qh3 {[%emt 0:07:29]} Be7 {[%emt 0:06:53]} 21. Nxf5 {[%emt 0:00:45]} exf5 {[%emt 0:00:13]} 22. Qe3 {[%emt 0:02:44]} Qe6 {[%emt 0:00:35]} 23. a4 {[%emt 0:05:57]} Qc6 {[%emt 0:05:33]} 24. a5 {[%emt 0:02:14]} Kd7 {[%emt 0:00:39]} 25. Qd3 {[%emt 0:00:58]} Rag8 {[%emt 0:00:45]} 26. Re3 {[%emt 0:00:33]} Qe6 {[%emt 0:00:46]} 27. Rf3 {[%emt 0:01:15]} Re8 {[%emt 0:01:01]} 28. Re1 {[%emt 0:00:39]} Bf8 {[%emt 0:01:02]} 29. Bc1 {[%emt 0:03:19]} Bg7 {[%emt 0:00:08]} 30. Bd2 {[%emt 0:01:14]} Re7 {[%emt 0:00:21]} 31. Kf1 {[%emt 0:01:02]} Rhe8 {[%emt 0:00:56]} 32. Qb1 {[%emt 0:01:40]} Qc6 {[%emt 0:01:42]} 33. Qd3 {[%emt 0:00:15]} f6 {[%emt 0:01:58]} 34. exf6 {[%emt 0:00:43]} Rxe1+ {[%emt 0:00:37]} 35. Bxe1 {[%emt 0:00:07]} Bxf6 {[%emt 0:00:32]} 36. Bd2 {[%emt 0:00:54]} h5 {[%emt 0:01:11]} 37. Rg3 {[%emt 0:01:28]} Bg7 {[%emt 0:00:39]} 38. Rf3 {[%emt 0:00:44]} Qe6 {[%emt 0:00:20]} 39. Re3 {[%emt 0:00:20]} Qf7 {[%emt 0:00:14]} 40. Rf3 {[%emt 0:00:22]} Re4 {[%emt 0:01:13]} 41. Re3 {[%emt 0:01:19]} Rxe3 {[%emt 0:00:13]} 42. Qxe3 {[%emt 0:00:10]} Qe7 {[%emt 0:00:11]} 43. Qxe7+ {[%emt 0:00:45]} Kxe7 {[%emt 0:00:01]} 44. Ke2 {[%emt 0:00:08]} Ke6 {[%emt 0:00:01]} 45. Kf3 {[%emt 0:00:15]} Bf6 {[%emt 0:00:36]} 46. h3 {[%emt 0:00:23]} g5 {[%emt 0:01:42]} 47. g4 {[%emt 0:00:36]} hxg4+ {[%emt 0:01:44]} 48. hxg4 {[%emt 0:00:05]} c6 {[%emt 0:00:32]} 49. Kg3 {[%emt 0:00:45]} Be7 {[%emt 0:00:27]} 50. Kf3 {[%emt 0:00:42]} Kf6 {[%emt 0:00:26]} 51. Bc1 {[%emt 0:01:12]} Bd6 {[%emt 0:00:36]} 52. Bd2 {[%emt 0:00:24]} Kg6 {[%emt 0:00:28]} 53. Bc1 {[%emt 0:00:32]} 1/2-1/2

[Event "FRA-ch Youth U20 2018"]
[Site "Agen"]
[Date "2018.04.19"]
[Round "6"]
[White "Barseghyan, Harutyun"]
[Black "Albaric, Etienne"]
[Result "1-0"]
[WhiteElo "2464"]
[BlackElo "2202"]
[Annotator "TA"]
[PlyCount "99"]
[EventDate "2018.??.??"]
[EventType "swiss"]
[EventCountry "FRA"]
[SourceTitle "playchess.com"]
[Source "ChessBase"]
[SourceQuality "1"]

{[%evp 20,99,62,66,71,56,144,85,90,78,103,97,72,98,175,75,72,68,76,65,92,72,114,64,102,40,117,127,123,21,127,129,129,128,133,129,105,133,251,206,229,233,218,218,232,227,259,256,261,255,493,476,476,491,562,341,553,503,535,548,488,344,402,390,374,299,1601,324,400,388,529,360,430,428,429,423,423,408,622,408,535,462]} 1. d4 Nf6 2. Nf3 e6 3. Bf4 d5 4. e3 c5 5. c3 Bd6 6. Bg3 O-O 7. Nbd2 Nc6 8. Bb5 {D02: 1 d4 d5 2 Nf3 sidelines, including 2...Nf6 3 g3 and 2...Nf6 3 Bf4} Ne7 9. Bd3 b6 10. e4 Bxg3 11. hxg3 {LiveBook: 4 Games. Strongly threatening e5.} dxe4 12. Nxe4 Ng6 (12... Ned5 $14) 13. dxc5 (13. Ne5 $142 $1 {[%cal Re5c6]} Bb7 14. Nxf6+ Qxf6 15. Nd7 (15. Qh5 h6 $16)) 13... Bb7 14. Nxf6+ Qxf6 15. cxb6 e5 {White must now prevent ...e4.} 16. Bxg6 hxg6 {[#]} (16... Qxg6 $16 {was called for.} 17. bxa7 (17. Nxe5 Qe4+ 18. Qe2 Qxe2+ 19. Kxe2 Rfe8 $17) 17... Rxa7) 17. O-O $146 (17. bxa7 $18 {and White stays clearly on top.} Rfd8 18. Qa4) 17... axb6 $16 18. Re1 Rfe8 19. Qe2 {[%cal Rf3e5]} e4 20. Nd4 Ra5 21. Qg4 Rh5 22. f3 (22. Qd7 $16 Qe7 23. Qxe7 Rxe7 24. a3) 22... e3 {[#]} ({Black should try} 22... Rhe5 $14 23. Qf4 Qd8) 23. Qf4 $1 Qe7 24. Nc2 (24. Rad1 $16) 24... Re5 {[#]} (24... e2 $11) 25. Rad1 $1 g5 26. Qb4 Qc7 27. Qd6 Qc8 28. Rd3 {[%cal Rd3e3]} R5e6 (28... e2 $16) 29. Qd7 Qb8 30. Rdxe3 Rxe3 31. Rxe3 ({Don't take} 31. Nxe3 $6 Bxf3 32. Kh2 Ba8 $16) 31... Rd8 32. Qe7 Rd2 33. Re2 Rxe2 34. Qxe2 Qxg3 $2 (34... g4 35. f4 (35. fxg4 Qxg3 36. Ne3 Qf4 $16) 35... Qd6 36. Qe8+ Qf8) 35. Qe8+ $18 Kh7 36. Qxf7 Ba6 37. Qf5+ Kh6 $2 (37... Kh8 {was necessary.} 38. Qe4 Qd6 39. Qa8+ Kh7 40. Qxa6 Qd1+ 41. Kh2 Qd6+ 42. g3 Qd2+ 43. Kh3 Qxc2 44. Qxb6 Qf5+ 45. Kg2 g4 46. fxg4 Qe4+ 47. Kf2 Qc2+ 48. Kf3 Qd1+ 49. Kg2 Qd5+ 50. Kh2 Qd2+ 51. Kg1 Qe1+ 52. Kg2 Qe4+ 53. Kf2 Qc2+ 54. Kf3 Qd1+ 55. Kg2 Qd5+ 56. Kh2 Qd2+ 57. Kh3 Qd5) 38. Qe6+ Kh7 39. Qe4+ Kh6 40. Nd4 {Intending Nf5+ and mate.} g6 41. Qe8 {[%cal Re8h8]} Kh7 42. Qe3 g4 $2 (42... Qf4 43. Qe1 Bc4) 43. Qf2 $2 (43. Qe7+ Kh8 44. Ne6 Qe1+ 45. Kh2 g3+ 46. Kh3 Qh1+ 47. Kxg3) 43... Qf4 44. Qh4+ Kg8 45. Qxg4 Qe3+ 46. Kh2 Qe5+ 47. f4 Qf6 48. Qg5 Qd6 (48... Kg7 $142 49. Qg4 Bc4) 49. Qe5 Qd8 50. Kg3 {Precision: White = 57%, Black = 29%.} 1-0

[Event "FRA-ch Youth U20 2018"]
[Site "Agen"]
[Date "2018.04.19"]
[Round "6"]
[White "Philippe, Guillaume"]
[Black "Grimault, Nathan"]
[Result "*"]
[WhiteElo "2372"]
[BlackElo "2016"]
[Annotator "TA"]
[PlyCount "29"]
[EventDate "2018.??.??"]
[EventType "swiss"]
[EventCountry "FRA"]
[SourceTitle "playchess.com"]
[Source "ChessBase"]
[SourceQuality "1"]

{[%evp 13,20,-15,25,22,30,27,24,22,40]} 1. b4 c6 2. Bb2 Qb6 3. a3 a5 4. c4 axb4 5. c5 Qc7 6. axb4 Rxa1 7. Bxa1 d5 8. Nf3 {[#] And now Be5 would win. A00: Irregular Openings} (8. e3 Bf5 9. Nf3 Nf6 10. Nd4 Bg6 11. e4 dxe4 12. Nc3 {1-0 (12) Matveenko,Y (2182)-Lavrov,A (2358) Liski 2007}) 8... Nd7 9. d4 Ngf6 10. e3 g6 {Predecessor:} 11. Bd3 $146 Bg7 12. O-O O-O 13. Nbd2 b6 14. Qc2 bxc5 15. bxc5 {1-0 (61) Schwichtenberg,J (1584)-Raabe,J (1790) Berlin 2010} *